| 000 | 00703cam a22002292 4500 | ||
|---|---|---|---|
| 001 | 0000021265 | ||
| 005 | 20151217145932.0 | ||
| 008 | 120306s xx 000 0 eng d | ||
| 020 | _a8120338326 | ||
| 040 |
_aKABU _cKABU |
||
| 050 | 0 |
_aQA76.73 _b.J38D45 2010 |
|
| 100 | 1 |
_aDeitel, Paul. _@0000182113 |
|
| 245 | 1 | 0 |
_aJava : _bhow to program / _cPaul Deitel, Harvey Deitel. |
| 250 | _a8th ed. | ||
| 260 |
_aNew Delhi : _bPHI learning, _c2010. |
||
| 300 |
_axxxviii, 1506 p. + _e1 CD-ROMs. |
||
| 650 | 0 |
_aJava (Computer program language) _@0000148169 |
|
| 700 | 1 |
_aDeitel, Harvey. _@0000182114 |
|
| 852 | 1 | _9p1990 KES | |
| 908 | _a120306 | ||
| 950 | _@1 | ||
| 999 |
_c4269 _d4269 |
||